[Event "Nez Rouge B"]
[Site "Gatineau CAN"]
[Date "2005.12.20"]
[Round "5"]
[White "Ralchenko, Maxim"]
[Black "Lacourse, Guy"]
[Result "0-1"]
[WhiteElo "1660"]
[BlackElo "1752"]
[PlyCount "50"]
[GameId "2160767910838231"]
[EventDate "2005.11.22"]
[EventType "swiss"]
[EventRounds "5"]
[EventCountry "CAN"]

1. e4 c5 2. Nf3 d6 3. d4 cxd4 4. Nxd4 Nf6 5. Nc3 a6 6. Bc4 e6 7. O-O Be7 8. Re1 Nbd7 9. f4 Qc7 10. Bb3 b5 11. f5 e5 12. Nf3 Bb7 13. Ng5 O-O 14. Qf3 Nc5 15. Bd5 b4 16. Bxb7 Nxb7 17. Nd5 Nxd5 18. exd5 Qxc2 19. Ne4 f6 20. Qg3 Kh8 21. Bd2 Nc5 22. Nxc5 Qxc5+ 23. Re3 Rac8 24. Rc1 Qd4 25. Rxc8 Rxc8 0-1

[Event "Nez Rouge B"]
[Site "Gatineau CAN"]
[Date "2005.12.20"]
[Round "5"]
[White "Villeneuve, Luc"]
[Black "Kouassi, Karen"]
[Result "1-0"]
[WhiteElo "1601"]
[BlackElo "1136"]
[PlyCount "63"]
[GameId "2160767910838232"]
[EventDate "2005.11.22"]
[EventType "swiss"]
[EventRounds "5"]
[EventCountry "CAN"]

1. Nf3 d5 2. g3 Nf6 3. Bg2 Nc6 4. d4 Bf5 5. a3 e6 6. b4 a6 7. Bb2 Bd6 8. Nbd2 h6 9. c4 dxc4 10. Nxc4 b5 11. Nfd2 Qd7 12. Na5 Nxa5 13. Bxa8 Nc6 14. Rc1 Ne7 15. e4 O-O 16. exf5 Rxa8 17. fxe6 Qxe6+ 18. Qe2 Qd5 19. O-O Re8 20. Qf3 Qg5 21. Ne4 Nxe4 22. Qxe4 Kf8 23. Rfe1 f5 24. Qe6 h5 25. h4 Qg4 26. Kg2 g5 27. Qf6+ Kg8 28. d5 gxh4 29. Qe6+ Kh7 30. Qf7+ Kh6 31. Re6+ Kg5 32. Qf6# 1-0

[Event "Ontario op"]
[Site "Ottawa CAN"]
[Date "2005.05.21"]
[Round "1"]
[White "Sadeghi, Saeid"]
[Black "Pacey, Kevin"]
[Result "0-1"]
[WhiteElo "1890"]
[BlackElo "2237"]
[PlyCount "64"]
[GameId "2160767910968199"]
[EventDate "2005.05.21"]
[EventType "tourn"]
[EventRounds "6"]
[EventCountry "CAN"]

1. d4 d5 2. Nf3 e6 3. c4 Nf6 4. Nc3 Be7 5. Bg5 O-O 6. e3 Nbd7 7. Bd3 c6 8. O-O b6 9. Rc1 Bb7 10. cxd5 exd5 11. Bf4 Re8 12. Ne5 Nxe5 13. Bxe5 a6 14. Na4 Nd7 15. Bg3 c5 16. Bf5 Ra7 17. Bxd7 Qxd7 18. dxc5 b5 19. Nb6 Qc6 20. b4 d4 21. Qf3 d3 22. Qxc6 Bxc6 23. Rfd1 Rd8 24. Rc3 a5 25. a3 axb4 26. axb4 Bf6 27. Rb3 d2 28. Bd6 Be4 29. Kf1 Bc2 30. Rbb1 Bd3+ 31. Kg1 Bxb1 32. Rxb1 Ra1 0-1

[Event "Ontario op"]
[Site "Ottawa CAN"]
[Date "2005.05.21"]
[Round "2"]
[White "Pacey, Kevin"]
[Black "Patterson, Roger"]
[Result "1/2-1/2"]
[WhiteElo "2237"]
[BlackElo "2170"]
[PlyCount "41"]
[GameId "2160767910968200"]
[EventDate "2005.05.21"]
[EventType "tourn"]
[EventRounds "6"]
[EventCountry "CAN"]

1. d4 Nf6 2. c4 e6 3. Nf3 b6 4. g3 Bb7 5. Bg2 Bb4+ 6. Bd2 Be7 7. Nc3 d5 8. O-O O-O 9. Ne5 c5 10. dxc5 bxc5 11. cxd5 exd5 12. Qb3 Nc6 13. Qxb7 Nxe5 14. Bf4 Rb8 15. Qxa7 Ra8 16. Qb7 Rb8 17. Qa6 Ra8 18. Qb5 Ng6 19. Qd3 Nxf4 20. gxf4 Rb8 21. Nxd5 1/2-1/2

[Event "Ontario op"]
[Site "Ottawa CAN"]
[Date "2005.05.22"]
[Round "3"]
[White "Barclay, Wayne"]
[Black "Patterson, Roger"]
[Result "1-0"]
[WhiteElo "2187"]
[BlackElo "2195"]
[PlyCount "87"]
[GameId "2160767910968201"]
[EventDate "2005.05.21"]
[EventType "tourn"]
[EventRounds "6"]
[EventCountry "CAN"]
[SourceTitle "CBM 106 Extra"]
[Source "ChessBase"]
[SourceDate "2005.07.01"]
[SourceVersion "1"]
[SourceVersionDate "2005.07.01"]
[SourceQuality "1"]

1. d4 Nf6 2. c4 e6 3. Nc3 Bb4 4. e3 O-O 5. Nge2 d5 6. a3 Be7 7. cxd5 Nxd5 8. e4 Nxc3 9. Nxc3 c5 10. d5 e5 11. Be3 b6 12. Qd2 Na6 13. Rd1 Bd6 14. Be2 Nc7 15. O-O Bd7 16. f4 f6 17. f5 b5 18. Rf3 b4 19. Nb1 Nb5 20. Bxb5 Bxb5 21. Rh3 Qe7 22. Qf2 Rf7 23. Rc1 c4 24. Qh4 h6 25. axb4 Bxb4 26. Rg3 Kf8 27. Nc3 Bxc3 28. Rxc3 Ke8 29. Qh5 Kd8 30. Qe2 Rb8 31. Qf2 Rb7 32. Bc5 Qd7 33. Rc1 Ke8 34. Ba3 Rc7 35. Qd2 Qc8 36. Qb4 Qa6 37. Rxg7 Rxg7 38. Qf8+ Kd7 39. Qxg7+ Kc8 40. Qxh6 c3 41. Qf8+ Kb7 42. bxc3 Qb6+ 43. Kh1 Qe3 44. Qb4 1-0

[Event "Ontario op"]
[Site "Ottawa CAN"]
[Date "2005.05.22"]
[Round "3"]
[White "Brice, Ron"]
[Black "Pacey, Kevin"]
[Result "1/2-1/2"]
[WhiteElo "2075"]
[BlackElo "2268"]
[PlyCount "32"]
[GameId "2160767910968202"]
[EventDate "2005.05.21"]
[EventType "tourn"]
[EventRounds "6"]
[EventCountry "CAN"]
[SourceTitle "CBM 106 Extra"]
[Source "ChessBase"]
[SourceDate "2005.07.01"]
[SourceVersion "1"]
[SourceVersionDate "2005.07.01"]
[SourceQuality "1"]

1. g3 d5 2. Nf3 c6 3. c4 Bg4 4. Bg2 e6 5. cxd5 exd5 6. O-O Nf6 7. d4 Nbd7 8. Nc3 Bd6 9. Qb3 Qb6 10. Qxb6 axb6 11. e4 Nxe4 12. Nxe4 dxe4 13. Nd2 Nf6 14. Nxe4 Nxe4 15. Bxe4 Be6 16. Be3 Bd5 1/2-1/2

[Event "Ontario op"]
[Site "Ottawa CAN"]
[Date "2005.05.22"]
[Round "3"]
[White "Nezirovic, Ozren"]
[Black "Cazelais, Marc"]
[Result "1/2-1/2"]
[WhiteElo "2063"]
[BlackElo "2238"]
[PlyCount "52"]
[GameId "2160767910968203"]
[EventDate "2005.05.21"]
[EventType "tourn"]
[EventRounds "6"]
[EventCountry "CAN"]

1. e4 c5 2. Nf3 Nc6 3. d4 cxd4 4. Nxd4 Nf6 5. Nc3 e5 6. Ndb5 d6 7. Bg5 a6 8. Na3 b5 9. Bxf6 gxf6 10. Nd5 Bg7 11. c3 f5 12. exf5 Bxf5 13. Nc2 O-O 14. Nce3 Bg6 15. a4 bxa4 16. h4 Be4 17. Qxa4 Bxd5 18. Nxd5 Ne7 19. Bc4 Nxd5 20. Bxd5 Rb8 21. Qc2 Rb6 22. Be4 h6 23. Bd5 Qf6 24. Rh3 Kh8 25. Ra4 Qg6 26. Qxg6 fxg6 1/2-1/2

[Event "Ontario op"]
[Site "Ottawa CAN"]
[Date "2005.05.22"]
[Round "3"]
[White "Valdizon, Armando"]
[Black "Hawley, Robert"]
[Result "1-0"]
[WhiteElo "2238"]
[BlackElo "1850"]
[PlyCount "77"]
[GameId "2160767910968204"]
[EventDate "2005.05.21"]
[EventType "tourn"]
[EventRounds "6"]
[EventCountry "CAN"]

1. d4 d5 2. Bg5 Bf5 3. c4 c6 4. cxd5 Bxb1 5. Qxb1 Qxd5 6. Nf3 e5 7. dxe5 Bb4+ 8. Bd2 Bxd2+ 9. Nxd2 Qxe5 10. Qd3 Na6 11. Nc4 Qe7 12. O-O-O Nf6 13. Nd6+ Kf8 14. e4 Nc5 15. Qa3 Ncxe4 16. Bc4 Nxd6 17. Rxd6 Ne4 18. Rd7 Qxa3 19. bxa3 f5 20. Rf7+ Ke8 21. Re1 Kd8 22. Rxg7 Nc5 23. Re5 Nd7 24. Ree7 Nc5 25. Rxh7 Rxh7 26. Rxh7 Rc8 27. h4 Rc7 28. Rxc7 Kxc7 29. h5 Nd7 30. h6 Ne5 31. h7 Ng6 32. Bd3 Kd6 33. Bxf5 Nh8 34. f4 b5 35. g4 Ke7 36. Kd2 c5 37. g5 a5 38. a4 bxa4 39. Kd3 1-0

[Event "Ontario op"]
[Site "Ottawa CAN"]
[Date "2005.05.22"]
[Round "4"]
[White "Pacey, Kevin"]
[Black "Nezirovic, Ozren"]
[Result "1/2-1/2"]
[WhiteElo "2237"]
[BlackElo "2063"]
[PlyCount "26"]
[GameId "2160767910968205"]
[EventDate "2005.05.21"]
[EventType "tourn"]
[EventRounds "6"]
[EventCountry "CAN"]

1. c4 e5 2. Nc3 Nc6 3. g3 g6 4. Bg2 Bg7 5. d3 d6 6. Nf3 Nf6 7. Rb1 a5 8. O-O O-O 9. a3 Re8 10. Nd2 h5 11. h4 Nd4 12. Nde4 Nxe4 13. Bxe4 Bh3 1/2-1/2

[Event "Ontario op"]
[Site "Ottawa CAN"]
[Date "2005.05.23"]
[Round "5"]
[White "Barclay, Wayne"]
[Black "Yuan, Michael"]
[Result "1-0"]
[WhiteElo "2253"]
[BlackElo "2100"]
[PlyCount "59"]
[GameId "2160767910968206"]
[EventDate "2005.05.21"]
[EventType "tourn"]
[EventRounds "6"]
[EventCountry "CAN"]

1. d4 Nf6 2. g3 g6 3. Bg2 Bg7 4. c4 d6 5. Nf3 O-O 6. O-O Nbd7 7. Nc3 e5 8. h3 Ne8 9. e4 exd4 10. Nxd4 Ne5 11. b3 Qf6 12. Be3 c6 13. f4 Nd7 14. Rc1 Nc7 15. Nf3 Qe7 16. Bd4 Nf6 17. Re1 Ne6 18. Bf2 Qc7 19. Qd2 Rd8 20. Red1 b6 21. f5 Nc5 22. Bxc5 bxc5 23. g4 gxf5 24. exf5 h6 25. Qf4 Qa5 26. Rxd6 Rxd6 27. Qxd6 Nxg4 28. hxg4 Bxc3 29. Qxh6 Bb7 30. f6 1-0

[Event "Ontario op"]
[Site "Ottawa CAN"]
[Date "2005.05.23"]
[Round "5"]
[White "Brice, Ron"]
[Black "Cazelais, Marc"]
[Result "0-1"]
[WhiteElo "2075"]
[BlackElo "2201"]
[PlyCount "94"]
[GameId "2160767910968207"]
[EventDate "2005.05.21"]
[EventType "tourn"]
[EventRounds "6"]
[EventCountry "CAN"]
[SourceTitle "CBM 106 Extra"]
[Source "ChessBase"]
[SourceDate "2005.07.01"]
[SourceVersion "1"]
[SourceVersionDate "2005.07.01"]
[SourceQuality "1"]

1. g3 g6 2. c4 Bg7 3. Bg2 e5 4. Nc3 d6 5. e4 Nc6 6. Nge2 Be6 7. d3 Nge7 8. Nd5 O-O 9. O-O Qd7 10. Be3 Nd4 11. Nxd4 exd4 12. Bh6 Bxd5 13. Bxg7 Kxg7 14. cxd5 c5 15. f4 f6 16. h4 a5 17. Kh2 Qc7 18. Bh3 Ng8 19. Be6 Nh6 20. f5 Nf7 21. Bxf7 Rxf7 22. Qg4 Qd7 23. Rf4 Rg8 24. Raf1 Kf8 25. Qh3 g5 26. hxg5 Rxg5 27. Rh4 Rfg7 28. Rh6 Qe7 29. Rf3 Kg8 30. Kg2 c4 31. dxc4 Qxe4 32. Kf2 d3 33. Qf1 Qd4+ 34. Kg2 Qxb2+ 35. Kh3 Qe2 36. Qg2 Qe5 37. Qf2 d2 38. Qg1 Rxg3+ 39. Rxg3 Rxg3+ 40. Qxg3+ Qxg3+ 41. Kxg3 d1=Q 42. Rxf6 Qd3+ 43. Kf4 Qxc4+ 44. Kg5 Qxd5 45. a4 Kg7 46. Re6 h6+ 47. Kf4 Qxe6 0-1

[Event "Ontario op"]
[Site "Ottawa CAN"]
[Date "2005.05.23"]
[Round "5"]
[White "Valdizon, Armando"]
[Black "Pacey, Kevin"]
[Result "0-1"]
[WhiteElo "2149"]
[BlackElo "2268"]
[PlyCount "66"]
[GameId "2160767910968208"]
[EventDate "2005.05.21"]
[EventType "tourn"]
[EventRounds "6"]
[EventCountry "CAN"]
[SourceTitle "CBM 106 Extra"]
[Source "ChessBase"]
[SourceDate "2005.07.01"]
[SourceVersion "1"]
[SourceVersionDate "2005.07.01"]
[SourceQuality "1"]

1. d4 e6 2. c4 Nf6 3. Nc3 c5 4. Nf3 cxd4 5. Nxd4 a6 6. e4 Qc7 7. Nc2 d6 8. Be2 Be7 9. Be3 Nbd7 10. Rc1 b6 11. O-O Bb7 12. f3 O-O 13. Qd2 Rfd8 14. Nd4 Rac8 15. Rfd1 Qb8 16. Kh1 Bf8 17. Bg5 Re8 18. b3 h6 19. Bh4 Be7 20. Bf2 Rcd8 21. b4 d5 22. cxd5 exd5 23. Nxd5 Nxd5 24. exd5 Bg5 25. Qc2 Bxc1 26. Nc6 Bxc6 27. dxc6 Bf4 28. Rxd7 Rxd7 29. cxd7 Rd8 30. Qc6 Qc7 31. b5 Rxd7 32. Bxb6 Qxc6 33. bxc6 Rd2 0-1

[Event "Ontario op"]
[Site "Ottawa CAN"]
[Date "2005.05.23"]
[Round "6"]
[White "Cazelais, Marc"]
[Black "Pacey, Kevin"]
[Result "1/2-1/2"]
[WhiteElo "2201"]
[BlackElo "2268"]
[PlyCount "28"]
[GameId "2160767910968209"]
[EventDate "2005.05.21"]
[EventType "tourn"]
[EventRounds "6"]
[EventCountry "CAN"]
[SourceTitle "CBM 106 Extra"]
[Source "ChessBase"]
[SourceDate "2005.07.01"]
[SourceVersion "1"]
[SourceVersionDate "2005.07.01"]
[SourceQuality "1"]

1. e4 Nc6 2. Nf3 d6 3. d4 Nf6 4. Nc3 Bg4 5. Be3 e6 6. Be2 Be7 7. Qd2 a6 8. h3 Bh5 9. a3 d5 10. exd5 Bxf3 11. Bxf3 exd5 12. O-O h6 13. Bf4 O-O 14. Rfe1 Bd6 1/2-1/2

[Event "Ontario op U1850"]
[Site "Ottawa CAN"]
[Date "2005.05.21"]
[Round "1"]
[White "Hillyard, Larry"]
[Black "Serdula, Jay"]
[Result "1-0"]
[WhiteElo "1514"]
[BlackElo "1797"]
[PlyCount "71"]
[GameId "2160767910968210"]
[EventDate "2005.05.21"]
[EventType "swiss"]
[EventRounds "6"]
[EventCountry "CAN"]

1. d4 d5 2. e4 dxe4 3. Nc3 Nf6 4. f3 exf3 5. Nxf3 Bg4 6. h3 Bh5 7. g4 Bg6 8. Ne5 e6 9. Bg2 c6 10. h4 h5 11. Nxg6 fxg6 12. Qd3 hxg4 13. Qxg6+ Ke7 14. Be3 Qe8 15. Qd3 Nbd7 16. O-O-O Qh5 17. Bg5 g6 18. Qe3 Re8 19. d5 Kf7 20. dxc6 Nb6 21. cxb7 Bg7 22. Rhf1 Rhf8 23. Ne4 Nbd5 24. Qd4 Bh6 25. Nd6+ Kg8 26. Nxe8 Bxg5+ 27. hxg5 Qxg5+ 28. Kb1 Rxe8 29. Bxd5 Nxd5 30. Qxa7 Qe5 31. b8=Q Rxb8 32. Qf7+ Kh8 33. Rh1+ Qh5 34. Rxh5+ gxh5 35. Qxh5+ Kg8 36. Qxg4+ 1-0

[Event "Ontario op U1850"]
[Site "Ottawa CAN"]
[Date "2005.05.22"]
[Round "3"]
[White "Hunt, Neil"]
[Black "Langer, Valerie"]
[Result "1-0"]
[WhiteElo "1226"]
[BlackElo "1076"]
[PlyCount "61"]
[GameId "2160767910968211"]
[EventDate "2005.05.21"]
[EventType "swiss"]
[EventRounds "6"]
[EventCountry "CAN"]

1. d4 g6 2. c4 e6 3. Nc3 Bg7 4. Nf3 Ne7 5. Bg5 O-O 6. e4 d6 7. e5 h6 8. Bf6 Nd7 9. Bxg7 Kxg7 10. b4 b6 11. g3 Bb7 12. Bg2 d5 13. O-O dxc4 14. Qe2 c5 15. Qxc4 cxb4 16. Qxb4 Nd5 17. Nxd5 Bxd5 18. Nd2 f6 19. Bxd5 exd5 20. e6 Nb8 21. e7 Qe8 22. exf8=Q+ Qxf8 23. Qxf8+ Kxf8 24. Rac1 Na6 25. a3 Ke7 26. Rc6 Rf8 27. Re1+ Kd7 28. Ree6 Nc7 29. Rxf6 Rxf6 30. Rxf6 Ne6 31. Nf3 1-0

[Event "Ontario op U1850"]
[Site "Ottawa CAN"]
[Date "2005.05.22"]
[Round "3"]
[White "Serdula, Jay"]
[Black "Burton, Joe"]
[Result "0-1"]
[WhiteElo "1797"]
[BlackElo "1670"]
[PlyCount "77"]
[GameId "2160767910968212"]
[EventDate "2005.05.21"]
[EventType "swiss"]
[EventRounds "6"]
[EventCountry "CAN"]

1. d4 d5 2. c4 c6 3. cxd5 cxd5 4. Nf3 Nf6 5. Bf4 Qb6 6. Qc2 Nc6 7. e3 Bf5 8. Qc1 Rc8 9. Nc3 Nb4 10. Bb5+ Nd7 11. O-O a6 12. Bxd7+ Bxd7 13. Qd2 e6 14. Ne5 Be7 15. Rfc1 Nc6 16. Nxd7 Kxd7 17. Na4 Qb4 18. Qxb4 Bxb4 19. Nb6+ Ke7 20. Nxc8+ Rxc8 21. Kf1 f6 22. Ke2 h5 23. h3 g5 24. Bg3 Rg8 25. a3 Ba5 26. b4 Bd8 27. Rab1 e5 28. dxe5 Nxe5 29. Bxe5 fxe5 30. b5 Rg6 31. bxa6 bxa6 32. Rb7+ Ke8 33. Rc8 g4 34. hxg4 hxg4 35. Rh7 Rg8 36. Ra8 a5 37. a4 d4 38. exd4 exd4 39. Kd3 0-1

[Event "Ontario op U1850"]
[Site "Ottawa CAN"]
[Date "2005.05.23"]
[Round "3"]
[White "Laszlo, Robert"]
[Black "Lidstone, Phil"]
[Result "1-0"]
[WhiteElo "1773"]
[BlackElo "1715"]
[PlyCount "83"]
[GameId "2160767910968213"]
[EventDate "2005.05.21"]
[EventType "swiss"]
[EventRounds "6"]
[EventCountry "CAN"]

1. e4 e6 2. d4 d5 3. Nd2 c5 4. dxc5 Bxc5 5. Qg4 Nf6 6. Qh4 Nxe4 7. Qxd8+ Kxd8 8. Nxe4 dxe4 9. Bf4 Ke7 10. Ne2 Bd7 11. Ng3 Bc6 12. c3 a5 13. Nh5 Rg8 14. Bc4 Nd7 15. O-O g5 16. Be3 Bxe3 17. fxe3 Ne5 18. Be2 f5 19. Rad1 Rad8 20. Rd4 Rxd4 21. cxd4 Nd3 22. Bxd3 exd3 23. Rd1 Bb5 24. Ng3 Rc8 25. Nf1 Rc2 26. Rd2 Bc4 27. b3 Ba6 28. Kf2 Rxd2+ 29. Nxd2 Kd6 30. e4 f4 31. g3 e5 32. d5 Kc5 33. Ke1 Kd4 34. a4 Ke3 35. d6 g4 36. d7 f3 37. d8=Q f2+ 38. Kd1 f1=Q+ 39. Nxf1+ Kf2 40. Qf6+ Kg2 41. Ne3+ Kxh2 42. Qf2+ 1-0

[Event "Ontario op U1850"]
[Site "Ottawa CAN"]
[Date "2005.05.22"]
[Round "4"]
[White "Inksetter, Mahlon"]
[Black "Laurin, Marcel"]
[Result "1-0"]
[WhiteElo "1555"]
[BlackElo "1779"]
[PlyCount "111"]
[GameId "2160767910968214"]
[EventDate "2005.05.21"]
[EventType "swiss"]
[EventRounds "6"]
[EventCountry "CAN"]
[SourceTitle "CBM 106 Extra"]
[Source "ChessBase"]
[SourceDate "2005.07.01"]
[SourceVersion "1"]
[SourceVersionDate "2005.07.01"]
[SourceQuality "1"]

1. e4 c5 2. d4 cxd4 3. c3 dxc3 4. Nxc3 Nc6 5. Nf3 g6 6. h4 h5 7. Bc4 e6 8. Nb5 a6 9. Nd6+ Bxd6 10. Qxd6 Qe7 11. Bf4 b5 12. Bb3 f6 13. e5 Qxd6 14. exd6 Nh6 15. Bc2 Kf7 16. Rc1 Ng4 17. Be4 Bb7 18. Nd4 Rac8 19. Nb3 f5 20. Bf3 Ba8 21. Ke2 Nge5 22. Bxe5 Nxe5 23. Bxa8 Rxc1 24. Rxc1 Rxa8 25. Rc7 Rd8 26. Na5 Ke8 27. b3 Nf7 28. Nb7 Rb8 29. Nc5 Nxd6 30. Nxd7 Kd8 31. Nxb8 Kxc7 32. Nxa6+ Kb6 33. Nb4 Kc5 34. Nd3+ Kd4 35. Nf4 e5 36. Nxg6 Ne4 37. a4 bxa4 38. bxa4 Nc3+ 39. Kf3 Nxa4 40. Ne7 f4 41. Nf5+ Kd3 42. Ng7 Nc3 43. Nxh5 Nd5 44. g4 e4+ 45. Kg2 e3 46. fxe3 fxe3 47. Ng3 Nf4+ 48. Kf3 Ng6 49. h5 Nh4+ 50. Kf4 Ng2+ 51. Ke5 Ne1 52. h6 Nf3+ 53. Kf4 Nd4 54. h7 Ne2+ 55. Nxe2 Kxe2 56. h8=Q 1-0

[Event "Ontario op U1850"]
[Site "Ottawa CAN"]
[Date "2005.05.22"]
[Round "4"]
[White "Serdula, Jay"]
[Black "Barclay, Dean"]
[Result "1-0"]
[WhiteElo "1797"]
[BlackElo "1244"]
[PlyCount "77"]
[GameId "2160767910968215"]
[EventDate "2005.05.21"]
[EventType "swiss"]
[EventRounds "6"]
[EventCountry "CAN"]

1. e4 e5 2. f4 Bc5 3. Nf3 d6 4. Nc3 exf4 5. d4 Bb4 6. Bxf4 Nf6 7. Bd3 O-O 8. O-O Nh5 9. Bd2 Bxc3 10. Bxc3 Nf4 11. Bc4 d5 12. exd5 Nxd5 13. Ne5 Be6 14. Bd2 Qh4 15. c3 c6 16. Qc2 Nd7 17. Nf3 Qe7 18. Ng5 N7f6 19. Bxd5 cxd5 20. Rxf6 g6 21. Nxe6 Qxf6 22. Nxf8 Rxf8 23. Rf1 Qe6 24. b3 f5 25. c4 Rc8 26. Rc1 Qe4 27. Qxe4 dxe4 28. Bf4 Re8 29. Kf2 Kf7 30. d5 Kf6 31. h4 Ke7 32. b4 h5 33. Ke3 Kd7 34. c5 Rc8 35. b5 Rd8 36. c6+ bxc6 37. bxc6+ Kc8 38. Rb1 Rxd5 39. Rb8# 1-0

[Event "Ontario op U1850"]
[Site "Ottawa CAN"]
[Date "2005.05.23"]
[Round "5"]
[White "Sapozhnikov, Roman"]
[Black "Serdula, Jay"]
[Result "1/2-1/2"]
[WhiteElo "1460"]
[BlackElo "1797"]
[PlyCount "104"]
[GameId "2160767910968216"]
[EventDate "2005.05.21"]
[EventType "swiss"]
[EventRounds "6"]
[EventCountry "CAN"]

1. e4 e5 2. Nf3 Nc6 3. Bb5 a6 4. Ba4 Nf6 5. O-O Be7 6. Bxc6 dxc6 7. Nxe5 Nxe4 8. Re1 Nf6 9. d4 O-O 10. c3 c5 11. Be3 cxd4 12. Qxd4 Qxd4 13. Bxd4 Re8 14. c4 Be6 15. a3 Rad8 16. Bc3 Bc5 17. Nd2 Bd4 18. Bxd4 Rxd4 19. Ndf3 Rdd8 20. Rad1 Ng4 21. b3 f6 22. Nd3 Bf5 23. Nc5 Rxd1 24. Rxd1 Re2 25. h3 Nxf2 26. Rd8+ Kf7 27. Nd4 Rd2 28. Nxf5 Nxh3+ 29. gxh3 Rxd8 30. Nxb7 Rd3 31. Nc5 Rxh3 32. Nxa6 Rxb3 33. Nxc7 Rxa3 34. c5 h5 35. c6 Ra1+ 36. Kf2 Rc1 37. Nd6+ Ke7 38. Nf5+ Kf8 39. Nd4 g5 40. Nd5 Kf7 41. c7 h4 42. Kg2 g4 43. Nb5 Rc2+ 44. Kg1 Rc5 45. Nb6 h3 46. c8=Q Rxc8 47. Nxc8 f5 48. Ncd6+ Kg6 49. Nd4 f4 50. Ne4 g3 51. Ne2 Kf5 52. N4xg3+ fxg3 1/2-1/2

[Event "Ontario op U1850"]
[Site "Ottawa CAN"]
[Date "2005.05.23"]
[Round "5"]
[White "Xiong, Sonja"]
[Black "Inksetter, Mahlon"]
[Result "0-1"]
[WhiteElo "1610"]
[BlackElo "1555"]
[PlyCount "60"]
[GameId "2160767910968217"]
[EventDate "2005.05.21"]
[EventType "swiss"]
[EventRounds "6"]
[EventCountry "CAN"]
[SourceTitle "CBM 106 Extra"]
[Source "ChessBase"]
[SourceDate "2005.07.01"]
[SourceVersion "1"]
[SourceVersionDate "2005.07.01"]
[SourceQuality "1"]

1. e4 c5 2. Nf3 Nc6 3. d4 cxd4 4. Nxd4 g6 5. Be3 Nf6 6. Nc3 Bg7 7. f3 O-O 8. Qd2 d5 9. O-O-O dxe4 10. Nxe4 Nxe4 11. fxe4 Ne5 12. h3 a6 13. Bh6 Qb6 14. Bxg7 Kxg7 15. h4 Bg4 16. Be2 Bxe2 17. Qxe2 Rac8 18. Nb3 Rc6 19. Kb1 Rfc8 20. Rc1 a5 21. h5 a4 22. Nd2 a3 23. Nb3 Nc4 24. hxg6 fxg6 25. Qg4 Nd2+ 26. Ka1 Nxb3+ 27. axb3 axb2+ 28. Kxb2 Qd4+ 29. Kb1 Ra8 30. c4 Rca6 0-1

[Event "Ontario op U1850"]
[Site "Ottawa CAN"]
[Date "2005.05.23"]
[Round "6"]
[White "Inksetter, Mahlon"]
[Black "Laszlo, Robert"]
[Result "1/2-1/2"]
[WhiteElo "1555"]
[BlackElo "1773"]
[PlyCount "48"]
[GameId "2160767910968218"]
[EventDate "2005.05.21"]
[EventType "swiss"]
[EventRounds "6"]
[EventCountry "CAN"]
[SourceTitle "CBM 106 Extra"]
[Source "ChessBase"]
[SourceDate "2005.07.01"]
[SourceVersion "1"]
[SourceVersionDate "2005.07.01"]
[SourceQuality "1"]

1. e4 c5 2. d4 cxd4 3. c3 dxc3 4. Nxc3 Nc6 5. Nf3 e6 6. Bc4 a6 7. O-O Qc7 8. Qe2 Bd6 9. Rd1 Ne5 10. Nxe5 Bxe5 11. g3 b5 12. Bb3 Ne7 13. Be3 Bb7 14. Rac1 Qa5 15. f4 Bxc3 16. Rxc3 Bc6 17. f5 O-O 18. f6 Ng6 19. fxg7 Rfd8 20. Rf1 Bxe4 21. Qf2 f5 22. Bb6 Qb4 23. Bc5 Qa5 24. Bb6 Qb4 1/2-1/2

[Event "Ontario-ch"]
[Site "Ottawa CAN"]
[Date "2005.03.04"]
[Round "1"]
[White "Davies, Alex"]
[Black "Molchanov, Yevhen"]
[Result "1-0"]
[WhiteElo "2261"]
[BlackElo "2186"]
[PlyCount "77"]
[GameId "2160767910965511"]
[EventDate "2005.03.04"]
[EventType "swiss"]
[EventRounds "5"]
[EventCountry "CAN"]
[SourceTitle "EXT 2006"]
[Source "ChessBase"]
[SourceDate "2005.11.24"]
[SourceVersion "1"]
[SourceVersionDate "2005.11.24"]
[SourceQuality "1"]

1. e4 e5 2. Nf3 Nc6 3. Bb5 f5 4. d3 Nf6 5. exf5 Bc5 6. Be3 Qe7 7. O-O O-O 8. Nc3 Nd4 9. Bc4+ Kh8 10. Re1 Qd8 11. Nxe5 d5 12. Bxd4 Bxd4 13. Bb3 Bxf5 14. Qf3 Qc8 15. Nxd5 Ng4 16. Ne7 Nxe5 17. Rxe5 Bg4 18. Qe4 Bxf2+ 19. Kh1 Qd7 20. h3 Bf3 21. Be6 Qxe7 22. gxf3 Bg3 23. Rh5 h6 24. Rg1 Rae8 25. Rxg3 Qxe6 26. Qxe6 Rxe6 27. Rd5 Re2 28. Rg2 Rfe8 29. Rc5 c6 30. Rc4 Rxg2 31. Kxg2 Re2+ 32. Kg3 Kg8 33. a4 Re1 34. a5 Ra1 35. Rb4 Rxa5 36. Rxb7 Kf8 37. d4 Rd5 38. c3 c5 39. dxc5 1-0

[Event "Ontario-ch"]
[Site "Ottawa CAN"]
[Date "2005.03.04"]
[Round "1"]
[White "Pacey, Kevin"]
[Black "Djerkovic, Miladin"]
[Result "1/2-1/2"]
[WhiteElo "2210"]
[BlackElo "2289"]
[PlyCount "41"]
[GameId "2160767910965512"]
[EventDate "2005.03.04"]
[EventType "swiss"]
[EventRounds "5"]
[EventCountry "CAN"]
[SourceTitle "EXT 2006"]
[Source "ChessBase"]
[SourceDate "2005.11.24"]
[SourceVersion "1"]
[SourceVersionDate "2005.11.24"]
[SourceQuality "1"]

1. d4 Nf6 2. c4 e6 3. Nc3 Bb4 4. e3 c5 5. Bd3 Nc6 6. Nge2 cxd4 7. exd4 d5 8. cxd5 Nxd5 9. O-O O-O 10. Bc2 b6 11. Qd3 g6 12. a3 Be7 13. Bh6 Re8 14. Ba4 Bb7 15. Rac1 Rc8 16. Qd2 a6 17. Rfd1 b5 18. Bb3 Nxc3 19. Rxc3 Na5 20. Rxc8 Bxc8 21. Ba2 1/2-1/2

[Event "Ontario-ch"]
[Site "Ottawa CAN"]
[Date "2005.03.04"]
[Round "1"]
[White "Saleh, Maher"]
[Black "Barclay, Wayne"]
[Result "1/2-1/2"]
[WhiteElo "2300"]
[BlackElo "2240"]
[PlyCount "70"]
[GameId "2160767910965514"]
[EventDate "2005.03.04"]
[EventType "swiss"]
[EventRounds "5"]
[EventCountry "CAN"]
[SourceTitle "EXT 2006"]
[Source "ChessBase"]
[SourceDate "2005.11.24"]
[SourceVersion "1"]
[SourceVersionDate "2005.11.24"]
[SourceQuality "1"]

1. Nf3 c5 2. g3 g6 3. Bg2 Bg7 4. d4 cxd4 5. Nxd4 Nc6 6. Nb3 Nf6 7. Nc3 O-O 8. O-O d6 9. Re1 Be6 10. e4 Qd7 11. Nd5 Rac8 12. c3 b6 13. Bg5 Ne8 14. Qd2 f6 15. Bh6 Bh3 16. Rad1 Bxg2 17. Kxg2 Ne5 18. Bxg7 Nxg7 19. Nd4 Qb7 20. Qe2 Rf7 21. f4 Nd7 22. c4 Nc5 23. b4 Nce6 24. Nb5 Ne8 25. f5 N6c7 26. Nd4 Ng7 27. fxg6 hxg6 28. Qg4 Nxd5 29. cxd5 g5 30. Rc1 Rff8 31. Rc6 e5 32. Rxc8 Qxc8 33. Qxc8 Rxc8 34. Nb5 Rc2+ 35. Kh3 Ne8 1/2-1/2